Bytový dom

Salvato in:
Dettagli Bibliografici
Autore principale: Paulovič, Samuel (Autore)
Altri autori: Pavčeková, Monika (Relatore della tesi)
Natura: Manoscritto Libro
Lingua:slovacco
Pubblicazione: 2025
Soggetti:
Accesso online:http://is.stuba.sk/zp/portal_zp.pl?podrobnosti=179376
CRZP
Tags: Aggiungi Tag
Nessun Tag, puoi essere il primo ad aggiungerne!!

MARC

LEADER 00000ntm a22000003a 4500
001 stuzp104660
003 SK-STU
005 20250729105244.3
007 ta
008 150427s2015----xo-----f-mn---000-0-slo-d
040 |a STU  |b slo 
041 0 |a slo 
100 1 |a Paulovič, Samuel  |u 010180  |4 aut  |U SvF Stavebná fakulta  |T SvF Katedra konštrukcií pozemných stavieb  |X 115184  |U V180  |Y 18  |7 115184 
242 0 1 |a Apartment House  |y eng 
245 1 0 |a Bytový dom 
260 |c 2025 
650 4 |a projekt pre realizáciu stavby  |2 slo 
650 4 |a Dúbravka  |2 slo 
650 4 |a stavba  |2 slo 
650 4 |a stavebné dielo  |2 slo 
650 4 |a pasívny dom  |2 slo 
650 4 |a bytový dom  |2 slo 
650 4 |a tepelná technika  |2 slo 
650 4 |a technické zariadenia budov  |2 slo 
650 4 |a residential building  |2 eng 
650 4 |a construction project  |2 eng 
650 4 |a passive house  |2 eng 
650 4 |a building services  |2 eng 
650 4 |a Dúbravka  |2 eng 
650 4 |a construction work  |2 eng 
650 4 |a building  |2 eng 
650 4 |a structural system  |2 eng 
700 1 |a Pavčeková, Monika  |u 010180  |k Z1  |4 ths  |U SvF Stavebná fakulta  |T SvF Katedra konštrukcií pozemných stavieb  |X 10271  |U V180  |Y 18  |7 A000010271 
856 4 |u http://is.stuba.sk/zp/portal_zp.pl?podrobnosti=179376 
856 4 |u https://opac.crzp.sk/?fn=detailBiblioForm&sid=C9A1C75A261DD259FC88451E26A3  |z CRZP